A Guide to Psalms / (Record no. 3719)

MARC details
000 -LEADER
fixed length control field 00542nam a22001937a 4500
003 - CONTROL NUMBER IDENTIFIER
control field GBCCL
005 - DATE AND TIME OF LATEST TRANSACTION
control field 20241126110502.0
008 - FIXED-LENGTH DATA ELEMENTS--GENERAL INFORMATION
fixed length control field 171205b xxu||||| |||| 00| 0 eng d
020 ## - INTERNATIONAL STANDARD BOOK NUMBER
International Standard Book Number 81-7214-132-7
040 ## - CATALOGING SOURCE
Transcribing agency gbc
082 ## - DEWEY DECIMAL CLASSIFICATION NUMBER
Classification number 223.206
Item number HAR
100 ## - MAIN ENTRY--PERSONAL NAME
Personal name Hargreaves, John
9 (RLIN) 7355
245 ## - TITLE STATEMENT
Title A Guide to Psalms /
Statement of responsibility, etc. John Hargreaves
260 ## - PUBLICATION, DISTRIBUTION, ETC.
Place of publication, distribution, etc. Delhi:
Name of publisher, distributor, etc. ISPCK,
Date of publication, distribution, etc. 2001
300 ## - PHYSICAL DESCRIPTION
Extent 180p.;
Other physical details ill.,
Dimensions 23 cm.
440 ## - SERIES STATEMENT/ADDED ENTRY--TITLE
Title ISPCK International Study Guide
Volume/sequential designation 6
9 (RLIN) 7356
650 ## - SUBJECT ADDED ENTRY--TOPICAL TERM
Topical term or geographic name entry element Bible
Form subdivision Old Testament
General subdivision Psalms- study
9 (RLIN) 7893
942 ## - ADDED ENTRY ELEMENTS (KOHA)
Source of classification or shelving scheme Dewey Decimal Classification
Koha item type Books
Koha issues (borrowed), all copies 12
Holdings
Withdrawn status Lost status Source of classification or shelving scheme Damaged status Not for loan Home library Current Library Shelving location Date acquired Total checkouts Full call number Barcode Date last seen Date last checked out Copy number Price effective from Koha item type
    Dewey Decimal Classification     GRACE BIBLE COLLEGE GRACE BIBLE COLLEGE Biblical Studies 2017-12-05 2 223.206 HAR 011096 2025-05-01 2020-03-06 c.3 2017-12-05 Books
    Dewey Decimal Classification     GRACE BIBLE COLLEGE GRACE BIBLE COLLEGE Biblical Studies 2017-12-05 1 223.206 HAR 011097 2025-05-01 2020-02-25 c.4 2017-12-05 Books
    Dewey Decimal Classification     GRACE BIBLE COLLEGE GRACE BIBLE COLLEGE Biblical Studies 2017-12-05 3 223.206 HAR 011094 2025-09-22 2025-09-17 c.1 2017-12-05 Books
    Dewey Decimal Classification     GRACE BIBLE COLLEGE GRACE BIBLE COLLEGE Biblical Studies 2017-12-05 5 223.206 HAR 011095 2025-05-01 2025-01-17 c.2 2017-12-05 Books
    Dewey Decimal Classification     GRACE BIBLE COLLEGE GRACE BIBLE COLLEGE Biblical Studies 2019-02-18 4 223.206 HAR 013628 2025-05-01 2025-02-07 c.5 2019-02-18 Books
© Grace Bible College Library 2025